000 00805cam a2200265 i 4500
999 _c6978
_d6978
001 2265744
003 OSt
005 20210601135952.0
008 790425s1979 iaua b 001 0 eng
010 _a 78055761
020 _a0697047660.
040 _aDLC
_cDDC
_dDLC
050 0 0 _aQL464
_b.L43
082 0 0 _a577.6LEH 1979
100 1 _aLehmkuhl, Dennis M.
_914329
245 1 0 _aHow to know the aquatic insects /
_cDennis M. Lehmkuhl.
260 _aDubuque, Iowa :
_bW. C. Brown Co. Publishers,
_cc1979.
300 _axi, 168 p. :
_bill. ;
_c24 cm.
490 0 _aThe Pictured key nature series
500 _aIncludes index.
504 _aBibliography: p. 22-26.
650 0 _aAquatic insects
_xIdentification.
_914330
906 _a7
_bcbc
_corignew
_d2
_eocip
_f19
_gy-gencatlg
942 _2ddc
_cO_SHELF